| 000 | 00893nam a22002417a 4500 | ||
|---|---|---|---|
| 999 |
_c20573 _d20573 |
||
| 005 | 20191108053136.0 | ||
| 008 | 191108b xxu||||| |||| 00| 0 spa d | ||
| 020 | _a064305944X | ||
| 040 |
_aCO-BoIAVH _cCO-BoIAVH |
||
| 041 | _aeng | ||
| 044 | _aat | ||
| 082 |
_a595.71782 _bC89n |
||
| 110 | _aCSIRO División of Entomology, | ||
| 245 |
_aNatural Resources and Biodiversity Program & Australian National Insect Collection. _bReport of Reseach July 1993 - June 1995. |
||
| 260 |
_aBlack Mountain, Canberra: _bCSIRO Publishing - Collinwood, _c1996. |
||
| 300 |
_a48 Páginas: _bfotografías, _c30 x 21 cm. |
||
| 650 | 0 |
_aBiodiversidad _zAustralia |
|
| 650 | 0 | _aEcología de insectos | |
| 650 | 0 | _aTaxonomía | |
| 650 | 0 | _aConservacón de los recursos naturales | |
| 651 | 0 |
_aColección Nacional de Insectos _zAustralia |
|
| 942 |
_2ddc _cLIBRO |
||